the black cauldron (Record no. 7593)

MARC details
000 -LEADER
fixed length control field 00984nam a22001697a 4500
003 - CONTROL NUMBER IDENTIFIER
control field OSt
005 - DATE AND TIME OF LATEST TRANSACTION
control field 20260120082337.0
008 - FIXED-LENGTH DATA ELEMENTS--GENERAL INFORMATION
fixed length control field 260120b |||||||| |||| 00| 0 eng d
040 ## - CATALOGING SOURCE
Original cataloging agency DWCL GS library
Transcribing agency 0C
100 ## - MAIN ENTRY--PERSONAL NAME
Personal name Alexander, Lloyd
245 ## - TITLE STATEMENT
Title the black cauldron
250 ## - EDITION STATEMENT
Edition statement New york
300 ## - PHYSICAL DESCRIPTION
Extent 229 pages
Dimensions 20cm
520 ## - SUMMARY, ETC.
Summary, etc. Peace resigns in Caer Dallben, where Taran works as Assisstant Pig-keeper, but evil threatens the rest of prydain. The diabolical Arawn's army grows every day, and his terrible warriors never die. They are born in the black cauldron from the stolen bodies of slain soldiers. If evil is to be defeated, the cauldron must be destroyed. Taran volunteers to travel to Arawn's stronghold and assist in the destruction of the dreaded cauldron. With his faithful friends reassembled, Taran marches off to face great danger with a courageous heart.
700 ## - ADDED ENTRY--PERSONAL NAME
Personal name Lloyd Alexander
942 ## - ADDED ENTRY ELEMENTS (KOHA)
Source of classification or shelving scheme Dewey Decimal Classification
Koha item type Fiction
Classification part Fic A127b 1965
Suppress in OPAC No
952 ## - LOCATION AND ITEM INFORMATION (KOHA)
--
Holdings
Withdrawn status Lost status Source of classification or shelving scheme Damaged status Not for loan Home library Current library Shelving location Date acquired Source of acquisition Total Checkouts Full call number Barcode Date last seen Price effective from Koha item type Uniform Resource Identifier
    Dewey Decimal Classification     College Library Grade School Library Fiction 01/20/2026 School Fund, Donation   Fic. A127b 1965 8099 01/20/2026 01/20/2026 FIC.